000 01106nam a22002777a 4500
999 _c117594
_d117594
003 dpl
005 20181106175331.0
008 181106b ||||| |||| 00| 0 eng d
010 _aB-104078
020 _c325.00
035 _aB-104078
037 _bBPPD/PUB
040 _aDPL
_bHN
_c0
082 _a
_bहोमर
245 _aहोमरकृत :
_cअनुवादक रमेश चन्द्र सिन्हा
_bओडिसी /
246 _aHomarkrit : Odissi /
_banuvadak Ramesh Chandra Sinha
260 _aदिल्ली
_bसारांश प्रकाशन
_c2002
270 _a142-ई, पॉकेट-4, मयूर विहार फेज-1
_bदिल्ली
_e110091
300 _a324पृ.
_c20सेमी(सजिल्द)
650 _aहिन्दी साहित्य
_975607
650 _aहिन्दी -- कहानी
_9779
650 _aHindi literature
_975608
650 _aHindi - Story
_943117
700 _aसिन्हा, रमेश चन्द्र
_975609
942 _2ddc
_cHN
_h
_mहोमर